Dilemma in politics: (Record no. 1435338)

MARC details
000 -LEADER
fixed length control field 00848 a2200253 4500
005 - DATE AND TIME OF LATEST TRANSACTION
control field 20251229121601.0
008 - FIXED-LENGTH DATA ELEMENTS--GENERAL INFORMATION
fixed length control field 251229b |||||||| |||| 00| 0 eng d
020 ## - INTERNATIONAL STANDARD BOOK NUMBER
International Standard Book Number 9781041034674 (hbk)
037 ## - SOURCE OF ACQUISITION
Terms of availability TB
040 ## - CATALOGING SOURCE
Original cataloging agency CRL
Transcribing agency CRL
041 ## - LANGUAGE CODE
Source of code eng
Language code of text/sound track or separate title eng
084 ## - COLON CLASSIFICATION NUMBER
Classification number W.2 R5
Assigning agency CRL
245 ## - TITLE STATEMENT
Title Dilemma in politics:
Remainder of title issues, values and debates in the contemporary world
260 ## - PUBLICATION, DISTRIBUTION, ETC.
Place of publication, distribution, etc. London, UK;
-- New York, USA:
Name of publisher, distributor, etc. Routledge,
Date of publication, distribution, etc. 2025.
300 ## - PHYSICAL DESCRIPTION
Extent xv, 215p.
365 ## - TRADE PRICE
Price amount 1295.00
Currency code INR
650 ## - SUBJECT ADDED ENTRY--TOPICAL TERM
Topical term or geographic name entry element Political Science
9 (RLIN) 860007
650 ## - SUBJECT ADDED ENTRY--TOPICAL TERM
Topical term or geographic name entry element Politics
9 (RLIN) 860008
650 ## - SUBJECT ADDED ENTRY--TOPICAL TERM
Topical term or geographic name entry element Ecology
9 (RLIN) 860009
650 ## - SUBJECT ADDED ENTRY--TOPICAL TERM
Topical term or geographic name entry element Feminism
9 (RLIN) 860010
700 ## - ADDED ENTRY--PERSONAL NAME
Personal name Saxena, Ravi
Relator term editor.
9 (RLIN) 860011
942 ## - ADDED ENTRY ELEMENTS (KOHA)
Koha item type Textbook
Source of classification or shelving scheme Colon Classification (CC)
Suppress in OPAC No
Classification part W.2 R5
Holdings
Withdrawn status Lost status Source of classification or shelving scheme Damaged status Not for loan Home library Current library Date acquired Source of acquisition Cost, normal purchase price Total Checkouts Full call number Barcode Date last seen Cost, replacement price Price effective from Koha item type
    Colon Classification (CC)     Central Library Central Library 2025-10-15 18/ Bright Book Service 1036.00   W.2 R5 CL1923862 2025-10-15 1295.00 2025-10-15 Textbook
Copyright @ Delhi University Library System